Welcome to the Holygrace Academy Library

Please use search bar below to get started

CIRCLE OF FRIENDS (Record no. 2249)

MARC details
000 -LEADER
fixed length control field 00626nam a22001457a 4500
020 ## - INTERNATIONAL STANDARD BOOK NUMBER
ISBN 0-340-72336-X
082 ## - DEWEY DECIMAL CLASSIFICATION NUMBER
Classification number 823
Item number BIN/C
100 ## - MAIN ENTRY--AUTHOR NAME
Personal name BINCHY, MAEVE
245 ## - TITLE STATEMENT
Title CIRCLE OF FRIENDS
260 ## - PUBLICATION, DISTRIBUTION, ETC. (IMPRINT)
Place of publication LONDON
Name of publisher CORONET BOOKS
300 ## - PHYSICAL DESCRIPTION
Number of Pages 551
520 ## - SUMMARY, ETC.
Summary, etc In the fictional small Irish town of Knockglen in 1950, an unlikely friendship blossoms between ten-year-old Bernadette 'Benny' Hogan – an overweight, big-hearted, only child of a local merchant – and wiry orphan Eve Malone, raised from birth by nuns in a Catholic convent after her late mother's upper-class Protestant ...
650 ## - SUBJECT ADDED ENTRY--TOPICAL TERM
Topical Term NOVEL
Geographic subdivision LONDON
942 ## - ADDED ENTRY ELEMENTS (KOHA)
Koha item type Books
Holdings
Withdrawn status Lost status Collection code Home library Current library Shelving location Date acquired Source of acquisition Full call number Accession Number Koha item type
    Fiction Main Library Main Library SHELF-2-D ENGLIAH NOVELS FOR TEACHERS 29/05/2017 PURCHASE 823 BIN/C 08655 Books